History Quiz

Random History or Letter Quiz

'H' American History Quiz Stats

 Plays Quiz Updated Jul 5, 2015

Challenge
Share
Tweet
Embed
Score 0/20 Timer 07:00
9 Plays Today
Hint Answer % Correct
Which university, established in 1636, is the United States' oldest institution of higher learning?Harvard University
98%
Which leader of the Federalist Party was also appointed the first Secretary of the Treasury?Alexander Hamilton
85.2%
Which cabinet department was formed in 2002 in response to the attacks on September 11?Homeland Security
80.9%
Which author of 'A Farewell to Arms' was also an ambulance driver in World War I?Ernest Hemingway
79.3%
What term was given to a young person of the 1960s who chose to alienate himself from mainstream society?Hippie
77.6%
Which statesman and soldier became the first president of Texas in 1836?Sam Houston
72.4%
What was a shanty town of the Great Depression known as?Hooverville
70.5%
Which Founding Father famously said, 'Give me liberty, or give me death!'?Patrick Henry
66.3%
What name was given to German soldiers who fought with the British during the Revolutionary War?Hessians
53.5%
Which newspaper publisher was blamed for using yellow journalism to lead the U.S. into a war with Spain in 1898?William Randolph Hearst
51.3%
Hint Answer % Correct
Which Republican lost the popular vote to Samuel J. Tilden, but won the electoral vote in 1876?Rutherford B. Hayes
51%
In which Virginia town did John Brown attempt to lead a slave revolt in 1859?Harpers Ferry
51%
What nickname was given to an American who urged support for pursuing and winning the Vietnam War? Hawk
44.9%
What name was given to the African-American cultural movement of the 1920s?Harlem Renaissance
42%
Launched in 1965, what program provides early childhood education and nutrition to low-income children?Head Start
39.7%
Which congressional committee, formed in 1938, investigated suspected Communist sympathizers?House Un-American Activities Committee
31.4%
Founded in 1889 by Jane Addams, what complex in Chicago provided social services to those in need?Hull House
28.6%
Who served as Abraham Lincoln's first vice president from 1861 to 1865?Hannibal Hamlin
21.2%
Who was accused of being a Soviet spy and Communist by Whittaker Chambers in 1948?Alger Hiss
19.2%
Which Puritan woman was banished from the Massachusetts Bay Colony in 1637 because of theological dissent?Anne Hutchinson
12.5%

You're not logged in!

Compare scores with friends on all Sporcle quizzes.
OR
Log In

You Might Also Like...

Show Comments

Extras

Top Quizzes Today


Score Distribution

Your Account Isn't Verified!

In order to create a playlist on Sporcle, you need to verify the email address you used during registration. Go to your Sporcle Settings to finish the process.

Report this User

Report this user for behavior that violates our Community Guidelines.

Details: